Operations management /

Salvato in:
Dettagli Bibliografici
Autore principale: Stevenson, William J.
Natura: Libro
Pubblicazione: Boston : McGraw-Hill/Irwin, c2009.
Edizione:10th ed.
Soggetti:
Accesso online:http://www.loc.gov/catdir/toc/fy0903/2008037021.html
Tags: Aggiungi Tag
Nessun Tag, puoi essere il primo ad aggiungerne!!

MARC

LEADER 00000cam a22000004a 4500
005 20251006095734.0
020 |a 9780073377841  |c TZS 10,000/= 
040 |a MCCL  |b eng.  |e AACR 2nd rev. ed. 
082 0 0 |a 658.5 STE 
100 1 |a Stevenson, William J. 
245 1 0 |a Operations management /  |c William J. Stevenson. 
250 |a 10th ed. 
260 |a Boston :  |b McGraw-Hill/Irwin,  |c c2009. 
300 |a xxxii, 906 p. :  |b ill. (chiefly col.) ;  |c 29cm. 
504 |a Includes bibliographical references and indexes. 
546 |a eng. 
650 0 |a Production management. 
650 0 |a Operations management 
856 4 1 |u http://www.loc.gov/catdir/toc/fy0903/2008037021.html 
942 |c BK 
999 |c 12010  |d 12010